000 00534nam a22002057a 4500
003 OSt
005 20260401145924.0
008 250428b |||||||| |||| 00| 0 eng d
020 _a978-1-292-43748-4
040 _cAACR 2
082 _a005.8 STA
100 _aStallings, William
245 _aCryptography and network security: principles and practice
260 _aUK:
_bPearson,
_c2023.
300 _a832p.
500 _aIncludes Index
600 _aComputer Science
650 _aComputer Science
942 _2ddc
_cBK
_e8th
_n0
999 _c27323
_d27323